[Event "Europa ch 2014"]
[Site "Yerevan ARM"]
[Date "2014.03.12"]
[Round "9.120"]
[White "Vardanian, Hamazasp"]
[Black "Danielyan, Vahe"]
[Result "0-1"]
[WhiteElo "2138"]
[BlackElo "1919"]
[PlyCount "80"]
[EventDate "2014.03.03"]
[EventType "swiss"]
[EventRounds "11"]
[EventCountry "ARM"]
[Source "lmi"]
[SourceDate "2014.03.02"]

1. c4 e5 2. Nc3 Nc6 3. g3 g6 4. Bg2 Bg7 5. e3 d6 6. Nge2 h5 7. h4 Nge7 8. d3
Bf5 9. b3 Qd7 10. Bb2 Nb4 11. e4 Bg4 12. f3 Be6 13. a3 Na6 14. d4 f5 15. d5 Bf7
16. Qc2 c5 17. dxc6 bxc6 18. O-O g5 19. Rad1 f4 20. hxg5 h4 21. gxf4 h3 22. Bh1
h2+ 23. Kf2 Qh3 24. f5 Qh4+ 25. Ng3 Rd8 26. f6 Bxf6 27. gxf6 Ng6 28. Nce2 Nf4
29. Ke1 Nxe2 30. Qxe2 Qxg3+ 31. Qf2 Qxf2+ 32. Rxf2 Nc5 33. b4 Na4 34. c5 Rg8
35. Ba1 Rg1+ 36. Rf1 Bc4 37. Kf2 Bxf1 38. Rxf1 dxc5 39. Bxe5 Rd2+ 40. Ke1 Rc2
0-1

[Event "Europa ch 2014"]
[Site "Yerevan ARM"]
[Date "2014.03.12"]
[Round "9.121"]
[White "Sargsyan, Shushanna"]
[Black "Mkrtchyan, Sargis R"]
[Result "1-0"]
[WhiteElo "2093"]
[BlackElo "1909"]
[PlyCount "81"]
[EventDate "2014.03.03"]
[EventType "swiss"]
[EventRounds "11"]
[EventCountry "ARM"]
[Source "lmi"]
[SourceDate "2014.03.02"]

1. d4 Nf6 2. Bg5 e6 3. Nf3 d5 4. e3 c5 5. c3 Qb6 6. Qc2 Nc6 7. Nbd2 Bd7 8. Bd3
Rc8 9. Qb1 Be7 10. O-O h6 11. Bh4 cxd4 12. exd4 g5 13. Bg3 Nh5 14. Ne5 Nxe5 15.
Bxe5 f6 16. Bg6+ Kd8 17. Bxh5 fxe5 18. dxe5 Bb5 19. c4 Bxc4 20. Nxc4 Rxc4 21.
Qg6 Rf8 22. Rad1 Rcf4 23. Rd2 Qe3 24. Re2 Qb6 25. g3 Rb4 26. b3 a5 27. Rc1 Rb5
28. Qxh6 Kd7 29. Rec2 Rc5 30. Bg4 Qc6 31. Rxc5 Bxc5 32. Qg7+ Ke8 33. Bh5+ Kd8
34. Qxg5+ Kc8 35. Rc2 Kb8 36. Bg4 Qb6 37. Kg2 Rxf2+ 38. Rxf2 Bxf2 39. Bxe6 Bg1
40. Qf6 d4 41. Bd5 1-0

[Event "Europa ch 2014"]
[Site "Yerevan ARM"]
[Date "2014.03.12"]
[Round "9.122"]
[White "Henseler, Jorgen"]
[Black "Simonyan, Latush"]
[Result "0-1"]
[WhiteElo "2075"]
[BlackElo "1799"]
[PlyCount "58"]
[EventDate "2014.03.03"]
[EventType "swiss"]
[EventRounds "11"]
[EventCountry "ARM"]
[Source "lmi"]
[SourceDate "2014.03.02"]

1. e4 c5 2. Nf3 d6 3. d4 cxd4 4. Nxd4 Nf6 5. Nc3 a6 6. Bg5 Nbd7 7. Bc4 e6 8.
Qe2 Be7 9. f4 O-O 10. O-O-O Qc7 11. Kb1 b5 12. Bxe6 fxe6 13. Nxe6 Qc4 14. Qxc4
bxc4 15. Nxf8 Kxf8 16. Rd4 Nb6 17. Rf1 Ke8 18. a4 Be6 19. Bxf6 gxf6 20. a5 Nd7
21. Nd5 Rc8 22. Rfd1 Rc6 23. c3 Kd8 24. Kc1 Nc5 25. Nb4 Nb3+ 26. Kc2 Nxd4+ 27.
cxd4 Rc8 28. d5 Bd7 29. Nxa6 Ba4+ 0-1

[Event "Europa ch 2014"]
[Site "Yerevan ARM"]
[Date "2014.03.12"]
[Round "9.123"]
[White "Hakobyan, Hovhannes H"]
[Black "Kanjaryan, Vladimir"]
[Result "0-1"]
[WhiteElo "1869"]
[BlackElo "2067"]
[PlyCount "60"]
[EventDate "2014.03.03"]
[EventType "swiss"]
[EventRounds "11"]
[EventCountry "ARM"]
[Source "lmi"]
[SourceDate "2014.03.02"]

1. e4 c5 2. Nf3 e6 3. Nc3 a6 4. d4 cxd4 5. Nxd4 Qc7 6. Qf3 Nc6 7. Be3 Nf6 8.
Be2 Be7 9. O-O-O O-O 10. g4 d6 11. g5 Nd7 12. Rhg1 b5 13. Qh5 Bb7 14. Nxc6 Bxc6
15. Rg3 Rfc8 16. Rh3 Bxe4 17. Bd3 Bxd3 18. Rxd3 Nf8 19. Rd2 d5 20. f4 Bd6 21.
f5 b4 22. Na4 d4 23. Bxd4 Bf4 24. Be3 exf5 25. Bxf4 Qxf4 26. Qf3 Qxg5 27. Rh5
Qg6 28. Rxf5 Re8 29. Qf1 Re4 30. Kb1 Qxf5 0-1

[Event "Europa ch 2014"]
[Site "Yerevan ARM"]
[Date "2014.03.12"]
[Round "9.124"]
[White "Davtyan, Artur"]
[Black "Kuehn, Matthias"]
[Result "0-1"]
[WhiteElo "1843"]
[BlackElo "1957"]
[PlyCount "88"]
[EventDate "2014.03.03"]
[EventType "swiss"]
[EventRounds "11"]
[EventCountry "ARM"]
[Source "lmi"]
[SourceDate "2014.03.02"]

1. d4 g6 2. c4 Bg7 3. Nf3 d6 4. Nc3 Nc6 5. e3 h6 6. Be2 e5 7. d5 Nce7 8. e4 f5
9. exf5 gxf5 10. Nh4 Nf6 11. Bh5+ Nxh5 12. Qxh5+ Kf8 13. Be3 a6 14. O-O Qe8 15.
Qxe8+ Kxe8 16. f4 Bf6 17. Nf3 Ng6 18. Rae1 Kf7 19. fxe5 dxe5 20. Nd2 Kg7 21. c5
Bd7 22. Nb3 Rad8 23. Na5 Bc8 24. c6 b6 25. Nc4 b5 26. Ba7 bxc4 27. Bb8 e4 28.
Bxc7 Bd4+ 29. Kh1 Bxc3 30. Bxd8 Bxe1 31. Bb6 Bb4 32. Bd4+ Kg8 33. Bxh8 Kxh8 34.
Rd1 Bd6 35. g3 Kg7 36. Rc1 Ne7 37. Rxc4 Nxd5 38. Rd4 Be6 39. g4 Be5 40. Ra4 Nc7
41. gxf5 Bxf5 42. Ra5 Kf6 43. b4 e3 44. Kg1 Bxh2+ 0-1

[Event "Europa ch 2014"]
[Site "Yerevan ARM"]
[Date "2014.03.12"]
[Round "9.125"]
[White "Rusek, Walter"]
[Black "Karapetyan, Lusine"]
[Result "0-1"]
[WhiteElo "1794"]
[BlackElo "1985"]
[PlyCount "80"]
[EventDate "2014.03.03"]
[EventType "swiss"]
[EventRounds "11"]
[EventCountry "ARM"]
[Source "lmi"]
[SourceDate "2014.03.02"]

1. d4 e6 2. c4 b6 3. e4 Bb7 4. Bd3 Nf6 5. f3 Bb4+ 6. Nc3 Bxc3+ 7. bxc3 d6 8.
Bg5 h6 9. Bh4 g5 10. Bf2 c5 11. d5 Nbd7 12. Qa4 Ke7 13. Ne2 Ne5 14. O-O-O Qd7
15. Qc2 Ba6 16. dxe6 fxe6 17. Qb3 Nh5 18. f4 Ng4 19. Rdf1 Raf8 20. Qb2 Kd8 21.
e5 Nxf2 22. Rxf2 Nxf4 23. Nxf4 Rxf4 24. g3 Rxf2 25. Qxf2 Qg7 26. Rf1 Qxe5 27.
Qf3 Qxc3+ 28. Kb1 d5 29. Rc1 Qe5 30. Rd1 d4 31. Qa8+ Kc7 32. Qxa7+ Bb7 33. Rf1
Kc6 34. Rf7 Qe1+ 35. Kc2 Qc3+ 36. Kb1 Qxd3+ 37. Ka1 Qd1+ 38. Kb2 Qd2+ 39. Kb1
Qe1+ 40. Kb2 Qb4+ 0-1

[Event "Europa ch 2014"]
[Site "Yerevan ARM"]
[Date "2014.03.12"]
[Round "9.126"]
[White "Bejashvili, Irma"]
[Black "Yayloyan, Konstantin"]
[Result "0-1"]
[WhiteElo "1749"]
[BlackElo "1963"]
[PlyCount "74"]
[EventDate "2014.03.03"]
[EventType "swiss"]
[EventRounds "11"]
[EventCountry "ARM"]
[Source "lmi"]
[SourceDate "2014.03.02"]

1. e4 e6 2. f4 d5 3. e5 c5 4. Nf3 Nc6 5. Be2 f6 6. O-O Nh6 7. c3 Be7 8. Na3 O-O
9. Nc2 d4 10. d3 Nf7 11. exf6 Bxf6 12. Bd2 Re8 13. g4 g6 14. cxd4 cxd4 15. b4
e5 16. b5 Nb8 17. Nxe5 Nxe5 18. fxe5 Bxe5 19. Bf4 Bg7 20. Bf3 Nd7 21. Qd2 Ne5
22. Bxe5 Rxe5 23. a4 Bxg4 24. Bxg4 Rg5 25. h3 h5 26. Rf4 hxg4 27. Rxg4 Rxg4+
28. hxg4 Qc7 29. Kg2 Rc8 30. Na3 Qd7 31. Qa2+ Kh7 32. Rh1+ Bh6 33. Qe2 Re8 34.
Qd1 Qd5+ 35. Kg1 Re3 36. Rh2 Rg3+ 37. Kf2 Qe5 0-1

[Event "Europa ch 2014"]
[Site "Yerevan ARM"]
[Date "2014.03.12"]
[Round "9.127"]
[White "Porfireanu, Serban"]
[Black "Kleinert, Juergen"]
[Result "1/2-1/2"]
[WhiteElo "1903"]
[BlackElo "2000"]
[PlyCount "149"]
[EventDate "2014.03.03"]
[EventType "swiss"]
[EventRounds "11"]
[EventCountry "ARM"]
[Source "lmi"]
[SourceDate "2014.03.02"]

1. Nf3 d5 2. d4 Nf6 3. g3 c5 4. Bg2 Nc6 5. O-O e6 6. c4 dxc4 7. Qa4 Bd7 8. Qxc4
b5 9. Qd3 c4 10. Qd1 Rc8 11. Bg5 Be7 12. Re1 O-O 13. e4 h6 14. Bf4 Nh5 15. Be3
Bb4 16. Nc3 Nf6 17. Nd2 Qa5 18. Qc2 e5 19. Nf3 exd4 20. Bxd4 Nxd4 21. Nxd4 Qb6
22. Rad1 Bc5 23. Nf3 Be6 24. Nd5 Nxd5 25. exd5 Bg4 26. h3 Bh5 27. a3 a5 28. Qd2
Rcd8 29. g4 Bg6 30. Ne5 Bh7 31. Be4 Rd6 32. Nc6 Rf6 33. Bxh7+ Kxh7 34. Rf1 a4
35. Kg2 Re8 36. h4 Rc8 37. Rde1 Qc7 38. f4 Qd7 39. Ne5 Qc7 40. Qc2+ Kg8 41. g5
Rd6 42. Rd1 Rcd8 43. Qe4 Re8 44. Qf3 f6 45. Ng4 h5 46. Nf2 fxg5 47. hxg5 Bxf2
48. Rxf2 g6 49. f5 Re5 50. fxg6 Rxg5+ 51. Kh1 Qg7 52. Qf7+ Qxf7 53. gxf7+ Kf8
54. Re1 Rd8 55. d6 Rg7 56. Re7 Rg6 57. Rb7 Rgxd6 58. Rxb5 Rd2 59. Rbf5 h4 60.
Kg2 R8d4 61. Ra5 Rxf2+ 62. Kxf2 Rd2+ 63. Ke3 Rxb2 64. Rxa4 Rb3+ 65. Kd2 h3 66.
Rxc4 Rxa3 67. Rh4 Kxf7 68. Ke2 Kf6 69. Kf2 Kg5 70. Rh8 Kg4 71. Kg1 Rg3+ 72. Kh2
Rg2+ 73. Kh1 Rb2 74. Rg8+ Kf4 75. Rf8+ 1/2-1/2

[Event "Europa ch 2014"]
[Site "Yerevan ARM"]
[Date "2014.03.13"]
[Round "10.2"]
[White "Solak, Dragan"]
[Black "Wojtaszek, Radoslaw"]
[Result "1/2-1/2"]
[WhiteElo "2610"]
[BlackElo "2713"]
[PlyCount "81"]
[EventDate "2014.03.03"]
[EventType "swiss"]
[EventRounds "11"]
[EventCountry "ARM"]
[Source "lmi"]
[SourceDate "2014.03.02"]

1. e4 c5 2. Nf3 d6 3. d4 cxd4 4. Nxd4 Nf6 5. Nc3 a6 6. Bg5 Nbd7 7. Qe2 h6 8.
Bh4 b5 9. O-O-O Bb7 10. Bxf6 Nxf6 11. e5 dxe5 12. Qxe5 Qd6 13. Qxd6 exd6 14.
Nb3 d5 15. Na5 O-O-O 16. Nxb7 Kxb7 17. Be2 Bc5 18. Bf3 Kc6 19. Rhe1 Bxf2 20.
Re5 Rhe8 21. Rxe8 Rxe8 22. Nxd5 Nxd5 23. Bxd5+ Kc7 24. Bxf7 Re1 25. Rxe1 Bxe1
26. c4 bxc4 27. Bxc4 a5 28. Kc2 Kb6 29. Kd3 Kc5 30. a3 Bh4 31. b4+ axb4 32.
axb4+ Kxb4 33. Bg8 Bg5 34. Ke2 Kc5 35. Kf3 Kd6 36. g3 Bf6 37. h4 Ke7 38. Ba2 h5
39. g4 hxg4+ 40. Kxg4 Bxh4 41. Kxh4 1/2-1/2

[Event "Europa ch 2014"]
[Site "Yerevan ARM"]
[Date "2014.03.13"]
[Round "10.3"]
[White "Lysyj, Igor"]
[Black "Moiseenko, Alexander"]
[Result "1-0"]
[WhiteElo "2655"]
[BlackElo "2712"]
[PlyCount "174"]
[EventDate "2014.03.03"]
[EventType "swiss"]
[EventRounds "11"]
[EventCountry "ARM"]
[Source "lmi"]
[SourceDate "2014.03.02"]

1. d4 Nf6 2. c4 e6 3. Nf3 d5 4. Nc3 Bb4 5. cxd5 exd5 6. Bg5 h6 7. Bh4 g5 8. Bg3
Ne4 9. Nd2 Nxg3 10. hxg3 c6 11. e4 Qe7 12. Qb3 dxe4 13. a3 e3 14. Qxb4 exd2+
15. Kxd2 Qxb4 16. axb4 Kf8 17. b5 Kg7 18. Na4 Nd7 19. bxc6 bxc6 20. Bc4 Rd8 21.
Kc3 a5 22. Rhe1 Ba6 23. b3 Bxc4 24. bxc4 Rab8 25. Nb2 Nf8 26. Rxa5 Ne6 27. d5
cxd5 28. Rxd5 Rxd5 29. cxd5 Nc7 30. Rd1 Nb5+ 31. Kd3 Rd8 32. Kc4 Nd6+ 33. Kd4
Kf6 34. Na4 Nf5+ 35. Kc4 Rc8+ 36. Kd3 Ra8 37. Nc3 Ke5 38. Re1+ Kd6 39. Rh1 Kc5
40. g4 Nd6 41. Rxh6 Ra3 42. f3 Rb3 43. g3 Ra3 44. Rf6 Rb3 45. Kc2 Rb7 46. Rh6
Rb4 47. Kd3 Rd4+ 48. Kc2 Rc4 49. Kd3 Rd4+ 50. Ke2 Rb4 51. Rf6 Rb2+ 52. Kd3 Rb3
53. Rh6 Ra3 54. f4 f6 55. Rh8 Nb5 56. Rc8+ Kd6 57. Rc6+ Kd7 58. Kd2 Nxc3 59.
Rxc3 Ra5 60. Rd3 Kd6 61. Ke3 Ra4 62. fxg5 fxg5 63. Rd4 Ra8 64. Ke4 Rf8 65. Ra4
Re8+ 66. Kd4 Re1 67. Ra6+ Kd7 68. Rg6 Rg1 69. Rxg5 Rxg3 70. Rg7+ Kd6 71. Rg6+
Ke7 72. Ke5 Re3+ 73. Kf4 Rd3 74. Re6+ Kf7 75. Ke5 Rg3 76. Rf6+ Ke7 77. d6+ Kd7
78. Kf5 Rg1 79. g5 Rg2 80. Kg6 Rg1 81. Kh6 Rh1+ 82. Kg7 Ke8 83. g6 Rh2 84. Kg8
Rh6 85. Rf8+ Kd7 86. g7 Kxd6 87. Kf7 Kd5 1-0

[Event "Europa ch 2014"]
[Site "Yerevan ARM"]
[Date "2014.03.13"]
[Round "10.4"]
[White "Navara, David"]
[Black "Perunovic, Milos"]
[Result "1-0"]
[WhiteElo "2700"]
[BlackElo "2617"]
[PlyCount "97"]
[EventDate "2014.03.03"]
[EventType "swiss"]
[EventRounds "11"]
[EventCountry "ARM"]
[Source "lmi"]
[SourceDate "2014.03.02"]

1. d4 d5 2. c4 c6 3. Nf3 Nf6 4. Nc3 e6 5. Bg5 h6 6. Bxf6 Qxf6 7. Qb3 a5 8. e3
Nd7 9. Bd3 Bd6 10. O-O O-O 11. Rfe1 Bc7 12. Rad1 Qe7 13. a3 dxc4 14. Qxc4 e5
15. Ne4 Re8 16. Qc2 Nf6 17. Nxf6+ Qxf6 18. d5 Qe7 19. Bh7+ Kh8 20. Be4 c5 21.
Nd2 Bd6 22. a4 g6 23. Bd3 f5 24. Bb5 Rd8 25. Nc4 Qc7 26. Qc3 Kh7 27. f4 e4 28.
Qf6 b6 29. Ne5 Rg8 30. Qf7+ Qxf7 31. Nxf7 Bf8 32. d6 Be6 33. Ne5 Rd8 34. d7 Rg7
35. Rd2 g5 36. Red1 gxf4 37. exf4 e3 38. Re2 c4 39. Rxe3 Bc5 40. Kf2 Bxe3+ 41.
Kxe3 Rxg2 42. Rd6 Bxd7 43. Bxd7 Kg7 44. Rxb6 Rxh2 45. Bxf5 Rdd2 46. Rb7+ Kf8
47. Rf7+ Ke8 48. Bg6 Rxb2 49. Rh7+ 1-0

[Event "Europa ch 2014"]
[Site "Yerevan ARM"]
[Date "2014.03.13"]
[Round "10.5"]
[White "Fedoseev, Vladimir3"]
[Black "Akopian, Vladimir"]
[Result "1-0"]
[WhiteElo "2641"]
[BlackElo "2682"]
[PlyCount "193"]
[EventDate "2014.03.03"]
[EventType "swiss"]
[EventRounds "11"]
[EventCountry "ARM"]
[Source "lmi"]
[SourceDate "2014.03.02"]

1. e4 e5 2. Nf3 Nc6 3. Bb5 Nf6 4. d3 d6 5. O-O Be7 6. c3 O-O 7. Re1 Bd7 8. Ba4
Re8 9. d4 Bf8 10. d5 Ne7 11. Bxd7 Qxd7 12. c4 Ng6 13. Nc3 c5 14. Rb1 Rec8 15.
g3 Be7 16. Kg2 Bd8 17. Qd3 Ba5 18. a3 Bxc3 19. Qxc3 b5 20. b3 bxc4 21. Qxc4
Rab8 22. Nd2 a5 23. a4 Rb4 24. Qe2 Rcb8 25. h3 h6 26. Kh2 Nh7 27. Qg4 Qa7 28.
Re3 Rd4 29. Qe2 f5 30. Bb2 Rxd2 31. Qxd2 f4 32. gxf4 Nxf4 33. Rg1 Nf6 34. Bc1
Kh7 35. Qc2 N6h5 36. Rf3 Kh8 37. Bd2 Rb7 38. Rg4 Rf7 39. Qc3 Qa6 40. Qc4 Qa8
41. Qb5 Qf8 42. Bxf4 Nxf4 43. Qxa5 Rb7 44. Qa6 Qb8 45. a5 Kh7 46. Qf1 Rxb3 47.
Rxb3 Qxb3 48. a6 c4 49. Rg3 Qa2 50. Rc3 Qxa6 51. Qxc4 Qa7 52. Rc2 h5 53. Qb3
Qf7 54. Qf3 Qg6 55. Rc7 Qf6 56. Rd7 Qg6 57. Kh1 Qf6 58. Kg1 Qf8 59. Rc7 Qe8 60.
Kh2 Qg6 61. Rc1 Qf6 62. Rc2 Qg6 63. Rc3 Qf6 64. Kg1 Qg6+ 65. Kf1 Qe8 66. Rc6
Qd7 67. Qa3 Qb7 68. Qa2 Qb5+ 69. Rc4 Nxh3 70. Kg2 Nf4+ 71. Kh2 Qd7 72. Qb3 h4
73. Qf3 Kh6 74. Rc1 g6 75. Rg1 Qa7 76. Kh1 Qb6 77. Rg4 Qd8 78. Kh2 Qf6 79. Qe3
Kh5 80. Rg1 Kh6 81. Qd2 Qe7 82. Qd1 Qa7 83. Qf3 Qe7 84. Qg4 Qf6 85. Rd1 Nh5 86.
Rd2 Nf4 87. Rc2 Nd3 88. f3 Nf4 89. Rc8 Nd3 90. Kg1 Qe7 91. Kf1 Kg7 92. Rc3 Nf4
93. Qc8 Kh6 94. Rc7 Qf6 95. Qg8 h3 96. Rh7+ Kg5 97. Qc8 1-0

[Event "Europa ch 2014"]
[Site "Yerevan ARM"]
[Date "2014.03.13"]
[Round "10.6"]
[White "Najer, Evgeniy"]
[Black "Laznicka, Viktor"]
[Result "1/2-1/2"]
[WhiteElo "2633"]
[BlackElo "2681"]
[PlyCount "144"]
[EventDate "2014.03.03"]
[EventType "swiss"]
[EventRounds "11"]
[EventCountry "ARM"]
[Source "lmi"]
[SourceDate "2014.03.02"]

1. e4 d5 2. exd5 Qxd5 3. Nc3 Qa5 4. d4 Nf6 5. Nf3 Bf5 6. Ne5 c6 7. Bd3 Bxd3 8.
Qxd3 Nbd7 9. Nc4 Qa6 10. Qe2 O-O-O 11. b4 Nd5 12. b5 Nxc3 13. bxa6 Nxe2 14.
axb7+ Kxb7 15. Kxe2 e6 16. Rb1+ Ka6 17. Bf4 c5 18. Rb3 cxd4 19. Rhb1 Rc8 20.
Ne5 Nxe5 21. Bxe5 f6 22. Bxd4 Rxc2+ 23. Kd3 Rc8 24. Rb7 Bc5 25. Bxc5 Rxc5 26.
Rxg7 Rd8+ 27. Ke4 Rd2 28. Rbb7 Rxf2 29. Rxa7+ Kb5 30. Ke3 Rfc2 31. Rab7+ Kc4
32. Rg4+ Kd5 33. Rd7+ Kc6 34. Rd2 R5c3+ 35. Ke2 Rxd2+ 36. Kxd2 Ra3 37. Rc4+ Kd5
38. Rc2 e5 39. Ke2 h5 40. h4 Ke4 41. Kf2 Kf4 42. Rc4+ e4 43. g3+ Kf5 44. Rc8
Rxa2+ 45. Ke3 Ra3+ 46. Kf2 Kg4 47. Rg8+ Kh3 48. Rg6 Rf3+ 49. Ke2 Rxg3 50. Rxf6
Kxh4 51. Rf4+ Rg4 52. Rf5 Rg5 53. Rf4+ Kg3 54. Rxe4 Kg2 55. Kd2 Rf5 56. Ke2 Ra5
57. Re8 Rg5 58. Rh8 Re5+ 59. Kd3 Kf3 60. Rf8+ Kg3 61. Rg8+ Kh3 62. Kd2 Re4 63.
Rg5 h4 64. Rg8 Kh2 65. Rg7 h3 66. Rg8 Re7 67. Rg6 Ra7 68. Ke2 Ra2+ 69. Kf1 Rg2
70. Rf6 Rg4 71. Kf2 Rg2+ 72. Kf1 Rg1+ 1/2-1/2

[Event "Europa ch 2014"]
[Site "Yerevan ARM"]
[Date "2014.03.13"]
[Round "10.7"]
[White "Melkumyan, Hrant"]
[Black "Sargissian, Gabriel"]
[Result "1/2-1/2"]
[WhiteElo "2613"]
[BlackElo "2676"]
[PlyCount "45"]
[EventDate "2014.03.03"]
[EventType "swiss"]
[EventRounds "11"]
[EventCountry "ARM"]
[Source "lmi"]
[SourceDate "2014.03.02"]

1. Nf3 Nf6 2. g3 c5 3. c4 g6 4. Bg2 Bg7 5. O-O O-O 6. d4 cxd4 7. Nxd4 Nc6 8.
Nc3 Qa5 9. Nb3 Qh5 10. h3 d6 11. g4 Bxg4 12. hxg4 Nxg4 13. Bf4 Be5 14. Qd2 g5
15. Bxe5 Ncxe5 16. Rfc1 Nxc4 17. Qe1 Nce3 18. fxe3 Qh2+ 19. Kf1 Nxe3+ 20. Kf2
Ng4+ 21. Kf1 Ne3+ 22. Kf2 Ng4+ 23. Kf1 1/2-1/2

[Event "Europa ch 2014"]
[Site "Yerevan ARM"]
[Date "2014.03.13"]
[Round "10.8"]
[White "Saric, Ivan"]
[Black "Grigoriants, Sergey"]
[Result "1-0"]
[WhiteElo "2661"]
[BlackElo "2574"]
[PlyCount "117"]
[EventDate "2014.03.03"]
[EventType "swiss"]
[EventRounds "11"]
[EventCountry "ARM"]
[Source "lmi"]
[SourceDate "2014.03.02"]

1. e4 e5 2. Nf3 Nc6 3. Bb5 a6 4. Ba4 Nf6 5. O-O Be7 6. Re1 b5 7. Bb3 d6 8. c3
O-O 9. h3 Nb8 10. d4 Nbd7 11. Nbd2 c5 12. Bc2 Qc7 13. b4 cxd4 14. cxd4 Bb7 15.
Bb2 Rac8 16. Bd3 exd4 17. Nxd4 Ne5 18. Bf1 g6 19. a4 Nc4 20. Nxc4 bxc4 21. Rc1
d5 22. exd5 Bxb4 23. Rxc4 Qd6 24. Re3 Rxc4 25. Bxc4 Rc8 26. Qe2 Qc5 27. Nc6
Bxc6 28. dxc6 Qxc6 29. Bxa6 Rd8 30. Bb5 Qb6 31. Qf3 Rd6 32. g4 Bc5 33. g5 Bxe3
34. Bxf6 Rxf6 35. Qa8+ Kg7 36. gxf6+ Kh6 37. fxe3 Qxe3+ 38. Kg2 Qd2+ 39. Kf3
Qd1+ 40. Ke3 Qg1+ 41. Kd3 Qf1+ 42. Kc2 Qf2+ 43. Kb3 Qe3+ 44. Kb4 Qd2+ 45. Kc5
Qf2+ 46. Kd6 Qxf6+ 47. Kc7 Qe5+ 48. Kb6 Qe3+ 49. Ka6 Qe6+ 50. Qc6 Qxh3 51. a5
Qe3 52. Kb7 Qe7+ 53. Kc8 Qf8+ 54. Kd7 f5 55. a6 f4 56. Qd6 Qf5+ 57. Kc6 Qe4+
58. Kc7 Qe3 59. Kb8 1-0

[Event "Europa ch 2014"]
[Site "Yerevan ARM"]
[Date "2014.03.13"]
[Round "10.9"]
[White "Popov, Ivan RUS"]
[Black "Eljanov, Pavel"]
[Result "0-1"]
[WhiteElo "2650"]
[BlackElo "2723"]
[PlyCount "72"]
[EventDate "2014.03.03"]
[EventType "swiss"]
[EventRounds "11"]
[EventCountry "ARM"]
[Source "lmi"]
[SourceDate "2014.03.02"]

1. e4 e5 2. Nf3 Nc6 3. Nc3 Nf6 4. Bb5 Bd6 5. O-O O-O 6. d3 a6 7. Ba4 h6 8. a3
Re8 9. Be3 Bf8 10. Bb3 d6 11. h3 Be6 12. Bxe6 fxe6 13. Ne2 d5 14. Ng3 Bd6 15.
c4 d4 16. Bd2 a5 17. b3 Qe7 18. Bc1 Rf8 19. h4 Ng4 20. h5 Bc5 21. Ra2 b6 22.
Qe2 Rab8 23. Qd1 Rbe8 24. Qe2 Nb8 25. Rd1 Nd7 26. Nf1 Rf7 27. N1h2 Nxh2 28.
Nxh2 Bd6 29. Qg4 Rf6 30. Qh4 Rff8 31. Qxe7 Rxe7 32. Bd2 Nc5 33. Kf1 Nxd3 34.
Bg5 Rxf2+ 35. Rxf2 Nxf2 36. Kxf2 hxg5 0-1

[Event "Europa ch 2014"]
[Site "Yerevan ARM"]
[Date "2014.03.13"]
[Round "10.11"]
[White "Fressinet, Laurent"]
[Black "Hammer, Jon Ludvig"]
[Result "1-0"]
[WhiteElo "2709"]
[BlackElo "2647"]
[PlyCount "87"]
[EventDate "2014.03.03"]
[EventType "swiss"]
[EventRounds "11"]
[EventCountry "ARM"]
[Source "lmi"]
[SourceDate "2014.03.02"]

1. e4 e5 2. Nf3 Nc6 3. Bc4 Nf6 4. d3 Bc5 5. c3 O-O 6. Nbd2 d5 7. exd5 Nxd5 8.
Ne4 Be7 9. O-O Nb6 10. Bb3 Bg4 11. Ng3 Qd7 12. h3 Be6 13. Bxe6 Qxe6 14. Re1
Rad8 15. Qe2 Rfe8 16. a4 Na5 17. b4 Nb3 18. Rb1 Nxc1 19. Rbxc1 Nxa4 20. Qc2 Nb6
21. Rxe5 Qd7 22. Rce1 Bd6 23. Rxe8+ Rxe8 24. Ne4 h6 25. Qb3 Bf8 26. d4 Re6 27.
Ne5 Qd5 28. Qb1 a5 29. bxa5 Qxa5 30. Qd1 f6 31. Nd3 Qa4 32. Qg4 Qd7 33. Ndc5
Bxc5 34. dxc5 f5 35. Qxf5 Qd5 36. Qf3 Nd7 37. Nf6+ Nxf6 38. Qxd5 Nxd5 39. Rxe6
Nxc3 40. Re7 Nb5 41. Re8+ Kf7 42. Rb8 Nd4 43. Rxb7 Ne6 44. f4 1-0

[Event "Europa ch 2014"]
[Site "Yerevan ARM"]
[Date "2014.03.13"]
[Round "10.12"]
[White "Kryvoruchko, Yuriy"]
[Black "Lupulescu, Constantin"]
[Result "0-1"]
[WhiteElo "2706"]
[BlackElo "2643"]
[PlyCount "80"]
[EventDate "2014.03.03"]
[EventType "swiss"]
[EventRounds "11"]
[EventCountry "ARM"]
[Source "lmi"]
[SourceDate "2014.03.02"]

1. e4 e6 2. d4 d5 3. Nc3 Nf6 4. e5 Nfd7 5. f4 c5 6. Nf3 Nc6 7. Be3 cxd4 8. Nxd4
Bc5 9. Qd2 O-O 10. O-O-O a6 11. Nb3 Bb4 12. g4 b5 13. Rg1 Bb7 14. Rg3 Qe7 15.
Rh3 Rfc8 16. Bd3 g6 17. Bg1 Bxc3 18. bxc3 a5 19. Kb1 b4 20. f5 Qf8 21. Qg5
Ncxe5 22. Bd4 Qg7 23. cxb4 f6 24. Qe3 exf5 25. gxf5 axb4 26. fxg6 hxg6 27. Rg1
Re8 28. Rhg3 Nf8 29. h4 Ba6 30. Bxa6 Rxa6 31. h5 Rae6 32. Nc5 R6e7 33. hxg6 Nc4
34. Qc1 Na3+ 35. Kb2 Re2 36. Qf4 Nxc2 37. Bxf6 Qa7 38. Kb1 Na3+ 39. Ka1 Re1+
40. Kb2 Nc4+ 0-1

[Event "Europa ch 2014"]
[Site "Yerevan ARM"]
[Date "2014.03.13"]
[Round "10.13"]
[White "Matlakov, Maxim"]
[Black "Potkin, Vladimir"]
[Result "1/2-1/2"]
[WhiteElo "2695"]
[BlackElo "2625"]
[PlyCount "89"]
[EventDate "2014.03.03"]
[EventType "swiss"]
[EventRounds "11"]
[EventCountry "ARM"]
[Source "lmi"]
[SourceDate "2014.03.02"]

1. c4 c6 2. Nf3 d5 3. e3 Nf6 4. Nc3 e6 5. d4 Nbd7 6. Qc2 Bd6 7. Bd3 O-O 8. O-O
dxc4 9. Bxc4 a6 10. e4 e5 11. Rd1 Qc7 12. h3 exd4 13. Nxd4 Re8 14. a4 Nc5 15.
f3 Ne6 16. Be3 a5 17. Nce2 Nxd4 18. Bxd4 Nd7 19. f4 Nf8 20. e5 Bb4 21. Ng3 Be6
22. b3 Rad8 23. Kh2 Bxc4 24. bxc4 Ne6 25. Be3 Bc5 26. Bxc5 Nxc5 27. Qf2 b6 28.
Nf5 Rxd1 29. Rxd1 Rd8 30. Qg3 g6 31. Nd6 f5 32. Rb1 Rf8 33. Qe3 h5 34. Rd1 Ne6
35. Rb1 Nc5 36. Qa3 Kh7 37. Qf3 Ne6 38. Qf2 Nc5 39. Rd1 Ne6 40. Qe3 Kg8 41. c5
Nxc5 42. Nc4 Rd8 43. Rd6 Ne4 44. Rxd8+ Qxd8 45. Qxb6 1/2-1/2

[Event "Europa ch 2014"]
[Site "Yerevan ARM"]
[Date "2014.03.13"]
[Round "10.14"]
[White "Cheparinov, Ivan"]
[Black "Swiercz, Dariusz"]
[Result "1-0"]
[WhiteElo "2681"]
[BlackElo "2631"]
[PlyCount "99"]
[EventDate "2014.03.03"]
[EventType "swiss"]
[EventRounds "11"]
[EventCountry "ARM"]
[Source "lmi"]
[SourceDate "2014.03.02"]

1. e4 c5 2. Nf3 e6 3. d4 cxd4 4. Nxd4 Nc6 5. Nc3 Qc7 6. Be3 a6 7. Qf3 Bb4 8.
O-O-O Nge7 9. Qg3 Qxg3 10. hxg3 b5 11. Nb3 Na5 12. Nc5 Nb7 13. Nd3 Bxc3 14.
bxc3 d6 15. e5 dxe5 16. Nxe5 f6 17. Nf3 e5 18. c4 Bd7 19. Nd2 Rc8 20. Ne4 bxc4
21. Bh6 Bf5 22. Bxg7 Bxe4 23. Bxh8 Kf7 24. Rh4 Bf5 25. Bxc4+ Kg6 26. Bd3 Nd6
27. g4 Bxd3 28. Rxd3 Nf7 29. Bxf6 Kxf6 30. Rxh7 Kg6 31. Rf3 Rf8 32. Rh1 Nc6 33.
Rb3 Rc8 34. Rc3 Nd6 35. Rd1 Nd4 36. Rxc8 Nxc8 37. c3 Nb5 38. Kc2 Ncd6 39. a4
Na3+ 40. Kb3 Nac4 41. Kb4 Kf6 42. Kc5 Ke6 43. g5 Nd2 44. Kb6 N2e4 45. g6 Nf5
46. Kxa6 Nxc3 47. Ra1 Kf6 48. a5 Nd4 49. Rc1 Ne4 50. Kb6 1-0

[Event "Europa ch 2014"]
[Site "Yerevan ARM"]
[Date "2014.03.13"]
[Round "10.16"]
[White "Zhigalko, Sergei"]
[Black "Bok, Benjamin"]
[Result "1/2-1/2"]
[WhiteElo "2671"]
[BlackElo "2575"]
[PlyCount "80"]
[EventDate "2014.03.03"]
[EventType "swiss"]
[EventRounds "11"]
[EventCountry "ARM"]
[Source "lmi"]
[SourceDate "2014.03.02"]

1. e4 e5 2. Nf3 Nc6 3. Bc4 Bc5 4. O-O Nf6 5. d3 O-O 6. Nbd2 d6 7. c3 a6 8. Bb3
Be6 9. Re1 Bxb3 10. Nxb3 Ba7 11. Bg5 h6 12. Bh4 Qe7 13. d4 Rfe8 14. Rc1 Nb8 15.
Na5 b5 16. b4 Bb6 17. Nb3 Nbd7 18. c4 bxc4 19. Rxc4 exd4 20. Nbxd4 Ne5 21. Nf5
Qe6 22. Nxe5 Qxe5 23. Bxf6 Qxf6 24. Ne3 a5 25. b5 a4 26. Re2 Bxe3 27. Rxe3 Qb2
28. a3 Qxb5 29. Rxc7 Rac8 30. Rxc8 Rxc8 31. g3 Rc4 32. Kg2 Qe5 33. Qd3 Rd4 34.
Qa6 Qe7 35. Qc6 g6 36. h4 h5 37. Qc8+ Kh7 38. Qc6 Kg8 39. Qc8+ Kh7 40. Qc6 Kg8
1/2-1/2